000 01311pam a2200373 a 4500
001 data
005 20260322212119.0
008 data
035 _a3434402
906 _a7
_bcbc
_corignew
_d1
_eocip
_f19
_gy-gencatlg
010 _a 91041466
020 _a0314918388
020 _a9780314918383
035 _9(DLC) 91041466
040 _aDLC
_cDLC
_dDLC
042 _alcac
050 0 0 _aQA76.23
_b.B378 1992
082 0 0 _a004
_220
100 1 _aBaumann, Susan K.
245 1 0 _aComputer science :
_blogic and structure /
_cSusan K. Baumann, Steven L. Mandell.
260 _aSt. Paul :
_bWest Pub. Co.,
_cc1993.
300 _axx, 533, [92] p. :
_bill. ;
_c26 cm.
336 _atext
_btxt
_2rdacontent
337 _aunmediated
_bn
_2rdamedia
338 _avolume
_bnc
_2rdacarrier
500 _aIncludes index.
520 _aAn introduction to computers and computer programming.
650 0 _aComputer science.
650 1 _aComputer science.
700 1 _aMandell, Steven L.
991 _bc-GenColl
_hQA76.23
_i.B378 1992
_p00018475339
_tCopy 1
_wBOOKS
999 _c1818
_d1818